České filigrány z první polovice XIX. století /

Main Author: Zuman, František, 1870-1955
Language: Czech
Published: V Praze : Nákladem České akademie věd a umění, 1934
Series: Rozpravy České akademie věd a umění ; tř. 1, čís. 81
Physical Description: 2 sv. ; 26 cm
Book
Saved in:
LEADER 01890nam a22004092aa4500
001 000244914
003 CZ BrMZK
005 20190320151403.0
008 950101s1934 xr a f cze d
015 |a cnb002427802  |z cnb000794547  |z cnb001728098  |z cnb000794548  |z cnb001728082 
040 |a ABA001  |b cze  |c ABA001  |d ABA001 
043 |a e-xr--- 
045 |a w0w5 
072 7 |a 676  |x Papírenský průmysl  |2 Konspekt  |9 19 
080 |a 676.026.4  |2 MRF 
080 |a 676:334.716  |2 MRF 
080 |a (437.3)  |2 MRF 
080 |a (048.8)  |2 MRF 
100 1 |a Zuman, František,  |d 1870-1955  |7 jk01152850  |4 aut 
245 1 0 |a České filigrány z první polovice XIX. století /  |c napsal F. Zuman 
260 |a V Praze :  |b Nákladem České akademie věd a umění,  |c 1934 
300 |a 2 sv. ;  |c 26 cm 
490 1 |a Rozpravy České akademie věd a umění ;  |v tř. 1, čís. 81 
505 0 |a Část 1 (textová). 30 s. -- Část 2 (obrazová). 37 l. 
648 7 |a 19. století  |7 ch460557  |2 czenas 
648 7 |a 1801-1850  |7 ch460574  |2 czenas 
650 0 7 |a filigrány (papír)  |7 ph120179  |z Česko  |y 19. století  |2 czenas 
650 0 7 |a papírny  |7 ph123954  |z Česko  |y 19. století  |2 czenas 
655 7 |a studie  |7 fd133597  |2 czenas 
810 2 |a Česká akademie věd a umění.  |t Rozpravy  |0 s 
910 |a BOA001  |b 00471-0022.512,1/81/2  |b 00471-0022.512,1/81/1 
928 9 |a Česká akademie věd a umění 
990 |a BK 
996 6 |b 2619816085  |c 00471-0022.512,1/81/1  |l Stud. starých tisků/4.patro  |r PST  |n 9  |h SI1  |w 000244914  |u 000030  |a 1  |e BOA001  |j MZK50  |s P 
996 6 |b 2619922178  |c 00471-0022.512,1/81/2  |l MZK  |r Sklad / do 1 hodiny  |n 3  |w 000244914  |u 000020  |a 1  |e BOA001  |j MZK50  |s P 
996 6 |b 2619922405  |c 00471-0022.512,1/81/1  |l MZK  |r Sklad / do 1 hodiny  |n 2  |w 000244914  |u 000040  |a 1  |e BOA001  |j MZK50  |s P 
996 6 |b 2619922515  |c 00471-0022.512,1/81/2  |l Stud. starých tisků/4.patro  |r PST  |n 11  |h SI1  |w 000244914  |u 000010  |a 1  |e BOA001  |j MZK50  |s P